LEADER 01253nam a2200265 a 4500 001 000000160763 003 CaOOAMICUS 005 20170517103159.0 008 170517s1971 it m 001 u eng r 032 $aLibriCat 040 $aPUL$bita 100 1 $aBrown, Donald A.,$cS.I.$0(OLS)http://pul/name/102888 245 14$aThe Origins of the grades in the Society of Jesus, 1540 to 1550 /$cauctore Donald A. Brown, S.J. 260 $aRoma :$bPontificia Università Gregoriana,$c1971. 300 $a121 p. ;$c24 cm. 502 $aEstratto da tesi -- Pontificia Universitas Gregoriana. Facultas iuris canonici. 1970. 504 $aBibliografia in nota. 610 24$aGesuiti$xStoria$ySec. XVI.$0(OLS)http://pul/subject/26948 710 2 $aPontificia Università Gregoriana.$bFacoltà di diritto canonico.$kTesi.$0(OLS)http://pul/name/81757 850 $aPUL 852 $aPUL$W1$xDP1 Tesi Pon. Univ. Gregoriana$y40$mTH PUG 2177$j184557$qTesi$B187761$CPULBib$Z2$F187761 $H35837 $82 941 1 $a16 996 $6245$aThe Origins of the grades in the Society of Jesus, 1540 to 1550$9(OLS)http://pul/title/200474 996 $6260$aRoma :$bPontificia Università Gregoriana$9(OLS)http://pul/publisher/47853 LEADER 01302nam a2200301 a 4500 001 000000133059 003 CaOOAMICUS 005 20130311101556.0 008 130311s2007 it u000 u ita r 040 $aPUL$bita 082 04$a172 100 1 $aAlfano, Giulio,$d1959-$0(OLS)http://pul/name/33137 245 10$aFilosofia e politica in s. Tommaso d'Aquino /$cGiulio Alfano. 260 $a[S.l.] :$bEdizioni impegno cristiano$g2007 300 $a114 p. ;$c17 cm. 504 $aBibliografia in nota. 600 04$aThomas Aquinas,$cs.,$dc. 1225-1274$xFilosofia.$0(OLS)http://pul/subject/1465 600 04$aThomas Aquinas,$cs.,$dc. 1225-1274$xPensiero politico.$0(OLS)http://pul/subject/36199 650 4$aFilosofia dell'educazione.$0(OLS)http://pul/subject/7700 650 4$aFilosofia politica.$0(OLS)http://pul/subject/155 850 $aPUL 852 $aPUL$W1$xSL Filosofia 3$y81$m172 ALFGI 2$j152986$qDDC 21$B152482$CPULBib$Z2$F152482 $H121833 $82 941 1 $a9 960 $aFilosofia della politica$9155 996 $6082$a172$9(OLS)http://pul/classification/659 996 $6245$aFilosofia e politica in s. Tommaso d'Aquino$9(OLS)http://pul/title/168119 996 $6260$a[S.l.] :$bEdizioni impegno cristiano$9(OLS)http://pul/publisher/81562